000 00584nam a22001817a 4500
003 UA-OsUOA
001 16658
007 ta
008 20040118b un ||||| |||| 00| 0 ukr d
100 _aКуліш Л.
942 _cSA
040 _aUA-OsUOA
_cUA-OsUOA
_dUA-OsUOA
245 _aЦвіт конвалії та слова: [Рец. на кн.: Свищевська Н. Конвалії в серці]
300 _aС.5
955 _a0
773 0 _w0
_tСарненські новини
_dСарни
_d2003
_g№124/125/18 груд./
650 7 _aКраєзнавча робота
_2UDC
999 _c302823
_d302823